<?xml version="1.0" encoding="UTF-8"?>
<record
    xmlns:xsi="http://www.w3.org/2001/XMLSchema-instance"
    xsi:schemaLocation="http://www.loc.gov/MARC21/slim http://www.loc.gov/standards/marcxml/schema/MARC21slim.xsd"
    xmlns="http://www.loc.gov/MARC21/slim">

  <leader>00479nam a2200169Ia 4500</leader>
  <controlfield tag="005">20241210152535.0</controlfield>
  <controlfield tag="008">231221s9999    xx            000 0 und d</controlfield>
  <datafield tag="020" ind1=" " ind2=" ">
    <subfield code="a">9781483349800</subfield>
  </datafield>
  <datafield tag="082" ind1=" " ind2=" ">
    <subfield code="a">001.42  DEN;1  R</subfield>
  </datafield>
  <datafield tag="100" ind1=" " ind2=" ">
    <subfield code="a">Denzin, Norman K. Lincoln, Yvonna S.</subfield>
  </datafield>
  <datafield tag="245" ind1=" " ind2="4">
    <subfield code="a">The SAGE handbook of qualitative research</subfield>
  </datafield>
  <datafield tag="250" ind1=" " ind2=" ">
    <subfield code="a">5th ed.</subfield>
  </datafield>
  <datafield tag="260" ind1=" " ind2=" ">
    <subfield code="c">2018</subfield>
    <subfield code="b">Sage Publication</subfield>
    <subfield code="a">California</subfield>
  </datafield>
  <datafield tag="300" ind1=" " ind2=" ">
    <subfield code="a">xx, 968</subfield>
  </datafield>
  <datafield tag="650" ind1=" " ind2=" ">
    <subfield code="a">Earthquake,resistant,structures</subfield>
  </datafield>
  <datafield tag="942" ind1=" " ind2=" ">
    <subfield code="c">AR</subfield>
  </datafield>
  <datafield tag="999" ind1=" " ind2=" ">
    <subfield code="c">235428</subfield>
    <subfield code="d">235428</subfield>
  </datafield>
  <datafield tag="952" ind1=" " ind2=" ">
    <subfield code="r">2024-01-26 00:00:00</subfield>
    <subfield code="l">0</subfield>
    <subfield code="o">001.42  DEN;1  R</subfield>
    <subfield code="p">AR1061</subfield>
    <subfield code="v">8886.24</subfield>
    <subfield code="w">2024-01-26</subfield>
    <subfield code="y">AR</subfield>
    <subfield code="1">0</subfield>
    <subfield code="2">ddc</subfield>
    <subfield code="4">0</subfield>
    <subfield code="7">0</subfield>
    <subfield code="8">ARCH</subfield>
    <subfield code="0">0</subfield>
    <subfield code="K">1598</subfield>
    <subfield code="a">FOA</subfield>
    <subfield code="b">FOA</subfield>
    <subfield code="c">ARCH</subfield>
    <subfield code="d">2019-04-01</subfield>
    <subfield code="e">Surya Book Supplier</subfield>
    <subfield code="g">165.00</subfield>
    <subfield code="E">ARCH</subfield>
    <subfield code="G">USD</subfield>
    <subfield code="F">74.8</subfield>
    <subfield code="V">46.2</subfield>
    <subfield code="U">Rupees</subfield>
  </datafield>
</record>
